Vulture Quiz - Statistics

General Stats
  • This quiz has been taken 61 times
  • The average score is 8 of 14
Answer Stats
Picture Answer % Correct
Turkey Vulture
88%
Black Vulture
83%
King Vulture
80%
Egyptian Vulture
73%
California Condor
66%
Andean Condor
63%
Cinereous Vulture
63%
Palm-Nut Vulture
61%
Lappet-Faced Vulture
54%
White-Headed Vulture
49%
Lammergeier
41%
Rüppell's vulture
37%
Cape Vulture
34%
Eurasian Griffon Vulture
29%
No matching quizzes found
Score Distribution
Percent of People with Each Score
Percentile by Number Answered
Your Score History
You have not taken this quiz